Brent LBC v O`Bryan and others (Record no. 39211)

MARC details
000 -LEADER
fixed length control field 01429cab a2200205 4500
001 - CONTROL NUMBER
control field ABS47691
008 - FIXED-LENGTH DATA ELEMENTS--GENERAL INFORMATION
fixed length control field 090401t1992 xxu||||| |||| 00| 0 eng d
035 ## - SYSTEM CONTROL NUMBER
System control number (Sirsi) u63081
041 ## - LANGUAGE CODE
Language code of text/sound track or separate title eng
245 ## - TITLE STATEMENT
Title Brent LBC v O`Bryan and others
260 ## - PUBLICATION, DISTRIBUTION, ETC.
Date of publication, distribution, etc. 1992
350 ## - PRICE (NR) (BK AM CF MU VM SE) [OBSOLETE]
Price 0
490 ## - SERIES STATEMENT
Series statement Rent Review & Lease Renewal
Volume/sequential designation 13(1) Autumn 1992,49-55
520 ## - SUMMARY, ETC.
Summary, etc. CA 6 July 1992. The defendant (O) occupied a disused scout hut owned by the plaintiff (B) in 1988. O wrote to B expressing an interest in purchasing the premises. O subsequently sent B £54.50 cash as payment of what she described as ground rent. Later that year B wrote to O stating that the education committee had agreed to a monthly letting on terms to be laid down by a valuer. B wrote a letter in 1990 offering a monthly licence at a rental of £400 per month. O`s solicitors acknowledged the letter but the terms were never accepted. B subsequently gave O notice to quit and sought possession of the premises. The judge held that the letter sent by B to O constituted an agreement to grant a monthly tenancy and rejected B`s claims, so B appealed. It was "held" that the letter did not constitute an agreement; it was merely an offer which had not been accepted, therefore B was entitled to possession.
650 ## - SUBJECT ADDED ENTRY--TOPICAL TERM
Topical term or geographic name entry element LEASE TERMS
650 ## - SUBJECT ADDED ENTRY--TOPICAL TERM
Topical term or geographic name entry element NOTICE TO QUIT
690 ## - LOCAL SUBJECT ADDED ENTRY--TOPICAL TERM (OCLC, RLIN)
Topical term or geographic name as entry element LANDLORD AND TENANT-CASE LAW-BUSINESS TENANCIES
942 ## - ADDED ENTRY ELEMENTS (KOHA)
Suppress in OPAC 0
948 ## - LOCAL PROCESSING INFORMATION (OCLC); SERIES PART DESIGNATOR (RLIN)
c (OCLC) 04/03/1997
Holdings
Withdrawn status Lost status Source of classification or shelving scheme Damaged status Not for loan Home library Current library Shelving location Date acquired Total Checkouts Full call number Barcode Date last seen Copy number Price effective from Koha item type
    Dewey Decimal Classification     London London Journal article 14/09/1999   ABS47691 63081-1001 06/08/2019 1 06/08/2019 Law report